000 00824nmm a2200265 a 4500
001 ocm000984871
003 TR-IsHL
005 20201028153903.0
008 150709s2011 tu tur
007 cr cn
020 _a9786054156788
035 _a984871
_b(N$T)
050 0 4 _aPL248.A984
_bT36 2011
090 0 4 _aPL248.A984
_bT36 2011
100 1 _aAytekin, Sadık
245 1 0 _aTanıklıklar
_h[electronic resource] /
_cSadık Aytekin
260 _aİstanbul :
_bEvrensel Basım Yayın,
_c2011
300 _a97 p.
650 4 _aDil ve Edebiyat
650 4 _aLanguage and Literature
650 0 _aTürk şiiri
650 0 _aTurkish poetry
650 7 _aLITERARY COLLECTIONS / Middle Eastern
_2bisacsh
856 4 0 _uhttp://search.ebscohost.com/login.aspx?direct=true&scope=site&db=e011xww&AN=984871
999 _c12285
_d12285